Word Ladder: Zodiac Quiz Stats

 Plays Quiz Updated Sep 3, 2016

Challenge
Share
Tweet
Embed
Score 0/42 Timer 04:00
1 Play Today
Clue 4-Letter Word % Correct
★ What Taurus is ★★ BULL ★
95.2%
★ What Leo is ★★ LION ★
95.2%
12:00NOON
95%
Hammer or screwdriver, e.g.TOOL
94.9%
★ What Cancer is ★★ CRAB ★
93.3%
Earth's satelliteMOON
92.9%
What you pay on a turnpikeTOLL
92.2%
A 'cage' for a babyCRIB
91.9%
Noble gas in red lightsNEON
91.6%
★ What Pisces is ★★ FISH ★
91.4%
Watery castle protectionMOAT
91.4%
World ___ WebWIDE
90.6%
What a genie can grantWISH
90.6%
Take with your handGRAB
90.5%
SkinnyTHIN
90.4%
A clenched handFIST
90.2%
Bugs Bunny or Roger Rabbit, e.g.TOON
90.1%
Before longSOON
89.9%
★ What Capricorn is ★★ GOAT ★
89.8%
Russian revolutionary TrotskyLEON
89.3%
Insignificant, like a pointMOOT
88.9%
Clue 4-Letter Word % Correct
Abel's Biblical brotherCAIN
88%
The capsule of a cotton plantBOLL
86.7%
Prominent Jay Leno featureCHIN
86.7%
Go without food FAST
86.5%
★ What half of Gemini is ★★ TWIN ★
86.4%
SmartWISE
86.1%
An Italian automakerFIAT
85.4%
'The ___ King of Scotland'LAST
83.5%
'The Priory of ___' SION
83.2%
An alumGRAD
82%
A small bit of a treeTWIG
81.3%
Spur or coaxGOAD
81.1%
Had reclinedLAIN
80.5%
Milk, to the FrenchLAIT
78.8%
A partyFEST
77.2%
An act of daringFEAT
77.1%
Chicago paper, for shortTRIB
75.5%
Dwyane of the Miami HeatWADE
73.1%
Sarah Palin's youngest sonTRIG
70.3%
Take on cargoLADE
54.4%
★ What Virgo is ★★ LADY ★
47.6%

Today's Daily Dose

You're not logged in!

Compare scores with friends on all Sporcle quizzes.
OR
Log In

You Might Also Like...

Show Comments

Extras

Top Quizzes Today


Score Distribution

Your Account Isn't Verified!

In order to create a playlist on Sporcle, you need to verify the email address you used during registration. Go to your Sporcle Settings to finish the process.

Report this User

Report this user for behavior that violates our Community Guidelines.

Details: